000 00755cam a2200241 a 4500
001 1180199
005 20180119041829.0
008 970429s1998 ilu 001 0 eng
010 _a 97015505
020 _a0844257303 (student edition)
020 _a0844257311 (insructor's edition)
040 _aDLC
_cDLC
_dDLC
041 _aeng
043 _an-us---
080 _a810.80868 COR
082 0 0 _a810.80868 COR
_221
100 _a21
101 _aGJL
245 0 0 _aHispanic American literature :
_c[compiled by] Rodolfo Cortina.
906 _a7
_bcbc
_corignew
_d1
_eocip
_f19
_gy-gencatlg
942 _2ddc
_cBK
999 _c40539
_d40539